LEADER 01376nam 2200385Ia 450 001 996383114903316 005 20221108024610.0 035 $a(CKB)1000000000580622 035 $a(EEBO)2240897491 035 $a(OCoLC)9920217200971 035 $a(EXLCZ)991000000000580622 100 $a19911015d1601 uy | 101 0 $aeng 135 $aurbn||||a|bb| 200 00$aHels torments, and heavens glorie$b[electronic resource] 210 $a[S.l.] $cPrinted by Adam Islip for George Lofius [sic], and are to be sold at his shop in Popes head alley$d1601 215 $a[185] p. $c1 ill 300 $aSometimes attributed to Samuel Rowlands. 300 $aSignatures: A¹²(-A1,12) B-C¹² D¹²(-D12) E-H¹². 300 $aTitle and text within ornamental border. 300 $aImperfect: stained, creased and slightly faded. 300 $aReproduction of original in the Harvard University. Library. 330 $aeebo-0062 606 $aHell$xChristianity$vEarly works to 1800 606 $aHeaven$xChristianity$vEarly works to 1800 615 0$aHell$xChristianity 615 0$aHeaven$xChristianity 701 $aRowlands$b Samuel$f1570?-1630?$01003803 801 0$bEBL 801 1$bEBL 801 2$bWaOLN 906 $aBOOK 912 $a996383114903316 996 $aHels torments, and heavens glorie$92395477 997 $aUNISA LEADER 02042oas 2200649 a 450 001 9910147109003321 005 20251105213014.0 011 $a1619-148X 035 $a(OCoLC)231857502 035 $a(CONSER) 2008263302 035 $a(CKB)1000000000033887 035 $a(EXLCZ)991000000000033887 100 $a20080613a20029999 sy 101 0 $ager 135 $aur||||||||||| 181 $ctxt$2rdacontent 182 $cc$2rdamedia 183 $acr$2rdacarrier 200 00$aMitteilungen der Deutschen Gesellschaft fu?r Archa?ologie des Mittelalters und der Neuzeit 210 $a[Germany] $cDeutsche Gesellschaft fu?r Archa?ologie des Mittelalters und der Neuzeit$d[2002]- 300 $aRefereed/Peer-reviewed 300 $aPlace of publication varies. 311 08$a1619-1439 606 $aArchaeology, Medieval$zEurope, German-speaking$vPeriodicals 606 $aArchaeology$zEurope, German-speaking$vPeriodicals 606 $aArchaeology$zGermany$vPeriodicals 606 $aArchaeology$2fast$3(OCoLC)fst00812938 606 $aArchaeology, Medieval$2fast$3(OCoLC)fst00813014 607 $aGerman-speaking Europe$2fast 607 $aGermany$2fast$1https://id.oclc.org/worldcat/entity/E39PBJtCD3rcKcPDx6FHmjvrbd 608 $aPeriodicals.$2fast 615 0$aArchaeology, Medieval 615 0$aArchaeology 615 0$aArchaeology 615 7$aArchaeology. 615 7$aArchaeology, Medieval. 712 02$aDeutsche Gesellschaft fu?r Archa?ologie des Mittelalters und der Neuzeit 801 0$bTXA 801 1$bTXA 801 2$bTXA 801 2$bOCLCQ 801 2$bCUS 801 2$bOCLCQ 801 2$bOCLCO 801 2$bOCLCQ 801 2$bVT2 801 2$bOCLCF 801 2$bAU@ 801 2$bOCLCQ 801 2$bOCL 801 2$bOCLCQ 801 2$bOCLCL 801 2$bOCLCQ 906 $aJOURNAL 912 $a9910147109003321 996 $aMitteilungen der Deutschen Gesellschaft für Archäologie des Mittelalters und der Neuzeit$91990659 997 $aUNINA